Developments in tall buildings, 1983

Bibliographic Details
Other Authors: Beedle, Lynn S.
Format: Book
Language:English
Published: New York : Van Nostrand Reinhold Company Inc. , 1983
Subjects:

MARC

LEADER 00000cam a2200000 7i4500
001 0000002210
005 20230615.0
008 991128 nyu eng
020 |a 0879330481 (hbk) 
040 |a INS 
090 0 0 |a TH845   |b .D48 1983 
245 1 0 |a Developments in tall buildings, 1983   |c Lynn S. Beedle, editor-in-chief 
260 |a New York :   |b Van Nostrand Reinhold Company Inc. ,   |c 1983 
300 |a xxi, 880 p. :   |b ill. ;   |c 23 cm. 
504 |a Includes bibliographical references and index 
650 0 |a Tall Buildings   |x Design and Construction 
700 1 |a Beedle, Lynn S. 
999 |a 0000003780   |b BOOK   |c Open Shelf   |e Default branch